Can you name all Brawlhalla Legends - Statistics

General Stats
  • This quiz has been taken 52 times
  • The average score is 37 of 68
Answer Stats
Answer % Correct
bodvar
81%
cassidy
81%
mordex
81%
orion
81%
queen nai
81%
Lord vraxx
76%
nix
76%
red raptor
76%
teros
76%
hattori
71%
tezca
67%
artemis
62%
brynn
62%
caspian
62%
imugi
62%
isaiah
62%
kaya
62%
loki
62%
magyar
62%
thor
62%
barraza
57%
diana
57%
king zuva
57%
koji
57%
lucien
57%
mako
57%
mirage
57%
rayman
57%
sentinel
57%
sir roland
57%
thea
57%
ada
52%
asuri
52%
dusk
52%
gnash
52%
kor
52%
onyx
52%
ragnir
52%
reno
52%
sidra
52%
xull
52%
zariel
52%
arcadia
48%
cross
48%
ember
48%
jaeyun
48%
jhala
48%
jiro
48%
lady vera
48%
munin
48%
Petra
48%
scarlet
48%
ulgrim
48%
val
48%
volkov
48%
yumiko
48%
azoth
43%
fait
43%
rupture
43%
thatch
43%
vivi
43%
ransom
38%
wu shang
38%
ezio
33%
seven
33%
vector
33%
lin fei
29%
pryia
29%
No matching quizzes found
Score Distribution
Percent of People with Each Score
Percentile by Number Answered
Your Score History
You have not taken this quiz